000
00356nam a2200133Ia 4500
003
GCL
008
140319s9999 xx 000 0 ara d
040
_a
GCL /
_c
GCL
082
0
4
_a
320.157
_b
ع س
100
1
_a
عبدالهادى عباس
245
1
0
_a
السيادة la Souverainete /
_c
عبدالهادى عباس
300
_a
319
490
_a
100 قصة
_v
0
999
_c
43316
_d
43316